Groningen Airport Destinations - Statistics

General Stats
  • This quiz has been taken 48 times
  • The average score is 3 of 5
Answer Stats
Country City % Correct
Greece Heraklion
81%
Turkey Antalya
79%
Greece Rhodes
60%
Spain Palma de Mallorca
58%
Spain Gran Canaria
56%
No matching quizzes found
Score Distribution
Percent of People with Each Score
Percentile by Number Answered
Your Score History
You have not taken this quiz